| 000 | 01147cam a2200265 4500 | ||
|---|---|---|---|
| 008 | 090401t1993 xxu||||| |||| 00| 0 eng d | ||
| 020 | _a185383145X | ||
| 035 | _a(Sirsi) u35428 | ||
| 041 | _aeng | ||
| 050 | _a333.72 | ||
| 110 |
_aTown and Country Planning Association _93022 |
||
| 245 | _aPlanning for a sustainable environment: a report. | ||
| 260 |
_aLondon _bEarthscan Publications Limited _c1993 |
||
| 300 | _axii,239p. ; 24cm. | ||
| 350 | _a16.95 | ||
| 520 | _aThe Sustainable Development Study Group assembled by the TCPA suggests that sustainable forms of development are possible through an integrated strategic and long-term approach. A new kind of environmental planning is needed which incorporates energy conservation, pollution control and waste management into the development and land-use planning processes at all levels. | ||
| 650 | _aENVIRONMENTAL PLANNING | ||
| 650 | _aSUSTAINABLE DEVELOPMENT STUDY GROUP | ||
| 650 | _aSUSTAINABLE DEVELOPMENT | ||
| 650 | _aSUSTAINABLE ENVIRONMENT | ||
| 690 | _aENVIRONMENTAL AND LAND CONSULTANCY | ||
| 700 |
_aBlowers, Andrew _xEditor |
||
| 942 | _n0 | ||
| 948 | _c04/03/1997 | ||
| 999 |
_c90110 _d90110 |
||